| 000 | 01407nam a22002537a 4500 | ||
|---|---|---|---|
| 003 | PE SENCICO BE | ||
| 005 | 20251020182710.0 | ||
| 008 | 250120b |||||||| |||| 00| 0 eng d | ||
| 020 | _a978-606-45136-0-0 | ||
| 040 |
_aPE SENCICO BE _cPE SENCICO BE |
||
| 041 | _aspa | ||
| 082 |
_a770.98525 _bO74 |
||
| 100 | 1 |
_92848 _aOrtiz Sotelo, Jorge _eautor |
|
| 245 | 1 |
_aLa Lima de ayer y hoy : _ben base a la colección de la Casa Baselli / _cJorge Ortiz Sotelo |
|
| 250 | _a[1a ed.] | ||
| 260 |
_aLima : _bCálidda ; _c2007 |
||
| 300 |
_a259 páginas : _bilustraciones, láminas ; _c23 cm. |
||
| 520 | 3 | _aLa colección corresponde a una serie de postales impresas por la Casa Baselli hacia fines de la década de 1920, elaboradas en base a la fotografías de Lima, Callao y algunos pueblos cercanos tomadas por los hermanos Avilés. Para complementar esta colección se han añadido algunas postales posteriores de la propia Casa Baselli asi como imágenes de archivo y tomas fotográficas efectuadas especialmente para este libro, de modo tal de presentar en forma gráfica algunas etapas de la historia de la ciudad de Lima y de cinco de sus distritos: Pueblo Libre, Magdalena del Mar, San Miguel, Surco y Jesús María, asi como del Callao | |
| 650 | 1 | 0 |
_9584 _aFotografías |
| 650 | 2 | 0 |
_9707 _aHistoria |
| 651 | 1 | 0 |
_91382 _aLima (Perú : Departamento) |
| 910 |
_ahfp _bhfp _chfp |
||
| 942 |
_2ddc _cLIB |
||
| 999 |
_c5067 _d5067 |
||